Top Six Podcasts: Sudden Death - Statistics

General Stats
  • This quiz has been taken 33 times
  • The average score is 4 of 6
Answers on the Grid
Answers color-coded by a green-red scale on the quiz's grid according to % correct below.
The Daily, New York Times
Good Hang with Amy Poehler
Unicorn Riot
The Federalist Papers Bollywood Style
Crime Junkie
Dateline NBC
Backrooms with Brian Eno
The Joe Rogan Experience
WWII for Women
Up First from NPR
Subway Mediations with Jack Handey
Robber Barons 2026
 
Answer Stats
Answer % Correct
The Joe Rogan Experience
88%
The Daily, New York Times
69%
Crime Junkie
54%
Good Hang with Amy Poehler
54%
Dateline NBC
50%
Up First from NPR
42%
No matching quizzes found
Score Distribution
Percent of People with Each Score
Percentile by Number Answered
Your Score History
You have not taken this quiz